02314cam a22002295a 4500999001700000005001700017008004100034020001800075040003800093082002300131245009600154260003100250300004400281504005200325520145600377650003701833651001001870653002101880700003101901942000801932952014401940 c27364d2733520190415105023.0180816t2019 sz a frb 001 0 eng d a9783319612546 aDLCbengcDLCdEG-ScBUEdEG-ScBUE04a616.99431bORA22200aOral cancer detection :bnovel strategies and clinical impact /cedited by Prashanth Panta. aCham :bSpringer,cc.2019. ax, 314 p. :bill. (some col.) ;c24 cm. aIncludes bibliographical references and index.  aThis monograph equips clinicians with the knowledge required to detect oral cancer at the earliest possible stage while simultaneously inspiring researchers to work on novel methods of detection. All the methods employed in the oral cancer context are considered, from simple ones like oral screening to more complex emerging optical methods and biomarker identification strategies. Individual chapters focus on conventional oral screening and application of vital stains, optical methods like white light based fluorescence-reflectance imaging, narrow band imaging, direct-oral-microscopy, and more advanced methods like optical coherence tomography, an in-vivo optical biopsy technique, and photo-acoustic imaging that allows visualization of deeper tissue changes. Novel electrical methods like bio-impedance assessment, occult biophysical methods like crystallization test, and the most promising salivary biomarkers and point-of-care opportunities are covered. Helpful information is also provided on essential topics including, oral potentially malignant disorders, biological aspects and molecular mechanisms underlying oral cancer progression, global epidemiology, concept of diagnostic delays, traditional imaging, and classic histopathology and microscopic features. The newer techniques are currently of active research interest, and can soon become powerful chair-side tools with potential to reduce diagnostic delays and improve survival. 7aMouthxCancerxDiagnosis.2BUEsh 2BUEsh bDDentcApril20191 aPanta, Prashanth,eeditor. 2ddc 00102ddc40708BaccahaMAINbMAINc1STd2019-04-09ePurchaseg3750.00h176l0o616.99431 ORAp000043324r2025-07-15 00:00:00v4687.50yBB